Top 50 best Premier League players 24/25 - Statistics

General Stats
  • This quiz has been taken 105 times
  • The average score is 29 of 50
Answer Stats
Hint Answer % Correct
1 Liverpool Salah
100%
2. Newcastle Isak
99%
10. Man City Haaland
94%
5. Chelsea Palmer
92%
7. Arsenal Saka
92%
3. Liverpool Van Dijk
92%
26 Arsenal Rice
82%
4. Forest Wood
82%
6. Arsenal Gabriel
81%
22 Arsenal Saliba
79%
15. Liverpool Mac allister
77%
37 Arsenal Odegaard
77%
11. Brentford Mbuemo
76%
28 Aston Villa Watkins
73%
47 Liverpool Diaz
72%
20 Man United Fernandes
71%
30 Newcastle Gordon
71%
12. Wolves Cunha
68%
23 Liverpool Konate
65%
14. Arsenal Raya
65%
13. Brentford Wissa
63%
9. Chelsea Caicedo
62%
16 Forest Elanga
60%
42 Liverpool Gakpo
60%
8. Liverpool Gravenberch
60%
24 Liverpool Alexander-Arnold
58%
21 Forest Gibbs white
55%
25 Newcastle Guimaraes
51%
38 Bournemouth Kluivert
49%
40 Crystal Palace Mateta
46%
19 Aston Villa Rogers
46%
29 Newcastle Tonali
46%
36 Bournemouth Kerkez
44%
50 Everton Pickford
44%
46 West Ham Bowen
42%
41 Bournemouth Huijsen
42%
45 Aston Villa Onana
42%
17 Bournemouth Semenyo
41%
32 Tottenham Kulusevski
40%
27 Man City Gvardiol
38%
48 Chelsea Cucurella
37%
33 Forest Hudson Odoi
37%
18 Fulham Robinson
37%
49 Newcastle Murphy
32%
35 Man City Savinho
32%
39 Brighton Welbeck
32%
31 Forest Anderson
31%
44 Newcastle Hall
27%
34 Man United Amad
23%
43 Forest Selz
10%
No matching quizzes found
Score Distribution
Percent of People with Each Score
Percentile by Number Answered
Your Score History
You have not taken this quiz